000 00579nam a2200229Ia 4500
003 OSt
005 20220918191512.0
006 a|||||r|||| 00| 0
007 ta
008 220917b |||||||| |||| 00| 0 eng d
024 _a63,825
037 _cTextual
040 _aARTS
_cARTS
_beng
041 _2eng
_aeng
082 _aQ7v65:N, H9 (906)
100 _aTrimingham J Spencer
_911122
245 0 _aIslam in the Sudan
260 _c1949
650 _aRELIGION
942 _hQ7v65:N, H9 (906)
_cTEXL
_2CC
999 _c190317
_d190317